Автоматизация процесса утилизации серно-кислотных отходов нефтеперерабатывающего предприятия; Экология и промышленность России; № 12

Detalhes bibliográficos
Parent link:Экология и промышленность России: ежемесячный общественный научно-технический журнал.— , 2001-
№ 12.— 2003.— С. 10-14
Autor principal: Малкин В. П.
Outros Autores: Мещеряков С. В., Ягудин Н. Г.
Idioma:russo
Publicado em: 2003
Colecção:Инженерные решения
Assuntos:
Formato: Capítulo de Livro
KOHA link:https://koha.lib.tpu.ru/cgi-bin/koha/opac-detail.pl?biblionumber=389593

MARC

LEADER 00000naa2a2200000 4500
001 389593
005 20231101063903.0
035 |a (RuTPU)RU\TPU\prd\22013 
090 |a 389593 
100 |a 20040129a2003 k y0rusy50 ca 
101 0 |a rus 
102 |a RU 
200 1 |a Автоматизация процесса утилизации серно-кислотных отходов нефтеперерабатывающего предприятия  |f В. П. Малкин, С. В. Мещеряков, Н. Г. Ягудин 
225 1 |a Инженерные решения 
320 |a Библиогр.: 1 назв. 
461 1 |0 (RuTPU)RU\TPU\prd\1141  |t Экология и промышленность России  |o ежемесячный общественный научно-технический журнал  |d 2001- 
463 1 |0 (RuTPU)RU\TPU\prd\21857  |t № 12  |v С. 10-14  |d 2003 
610 1 |a утилизация 
610 1 |a автоматизация процессов 
610 1 |a утилизация отходов 
610 1 |a нефтеперерабатывающие предприятия 
610 1 |a промышленные отходы 
610 1 |a серно-кислотные отходы 
610 1 |a обезвреживание отходов 
700 1 |a Малкин  |b В. П. 
701 1 |a Мещеряков  |b С. В. 
701 1 |a Ягудин  |b Н. Г. 
801 1 |a RU  |b 63413507  |c 20040129  |g PSBO 
942 |c BK